[Event "CSS Freestyle 8th"]
[Site "playchess.com"]
[Date "2008.04.13"]
[Round "8"]
[White "Wytiko"]
[Black "Mepholos"]
[Result "1-0"]
[WhiteElo "2322"]
[BlackElo "2369"]
[PlyCount "149"]
[EventDate "2008.04.11"]

1. Nf3 {4} Nf6 {9} 2. d4 {5} e6 {6} 3. g3 {7} b6 {5} 4. Bg2 {3} Bb7 {6} 5. O-O
{87} h6 {110} 6. c4 {135} Nc6 {233} 7. Nc3 {266} Bb4 {154} 8. Qb3 {756} Bxc3 {
302} 9. Qxc3 {19} Ne7 {17} 10. Rd1 {111} O-O {82} 11. b4 {356} Re8 {1027} 12.
a4 {65} a5 {188} 13. b5 {19} Be4 {12} 14. Ba3 {44} d6 {112} 15. Bf1 {24} Bb7 {
62} 16. Nd2 {59} c5 {39} 17. e4 {141} Qc7 {60} 18. d5 {66} e5 {73} 19. Bg2 {89}
Bc8 {33} 20. f4 {113} exf4 {34} 21. gxf4 {88} Ng6 {40} 22. Rf1 {51} Nh5 {125}
23. f5 {129} Ngf4 {11} 24. Bf3 {759} Qe7 {22} 25. Kh1 {4} Qh4 {22} 26. Bxh5 {18
} Nxh5 {25} 27. Rf3 {85} Qf6 {88} 28. Bb2 {6} Qxc3 {8} 29. Bxc3 {2} Kh7 {6} 30.
Rg1 {3} Rg8 {24} 31. Rg4 {100} Ra7 {101} 32. Rh4 {15} g6 {9} 33. Nf1 {49} Re8 {
26} 34. Ng3 {23} Nxg3+ {38} 35. Rxg3 {8} h5 {10} 36. Rxh5+ {47} gxh5 {7} 37.
Rg7+ {4} Kh6 {8} 38. f6 {3} h4 {8} 39. Bd2+ {4} Kh5 {6} 40. Rg5+ {2} Kh6 {5}
41. Rg8+ {3} Kh7 {7} 42. Rxe8 {2} Bh3 {6} 43. Bf4 {131} Bf1 {9} 44. Bxd6 {14}
Bxc4 {8} 45. Re7 {21} Ra8 {12} 46. Bc7 {23} Rg8 {8} 47. Rxf7+ {155} Kg6 {7} 48.
Rg7+ {3} Rxg7 {7} 49. fxg7 {1} Kxg7 {5} 50. d6 {4} Be6 {7} 51. Bxb6 {4} Kf8 {7}
52. Bxa5 {46} Ke8 {8} 53. Bc3 {36} Kd7 {7} 54. e5 {2} Bb3 {9} 55. a5 {3} Bc4 {6
} 56. b6 {2} h3 {6} 57. Kg1 {4} Ba6 {6} 58. Kf2 {5} Kc6 {6} 59. Kg3 {11} Bc8 {6
} 60. Kf4 {17} c4 {6} 61. Kg5 {8} Kd7 {6} 62. Kf6 {5} Bb7 {8} 63. Bb4 {11} Kc6
{7} 64. e6 {17} c3 {6} 65. e7 {36} Kb5 {13} 66. Bxc3 {18} Bc6 {6} 67. b7 {6}
Bxb7 {9} 68. e8=Q+ {5} Kc4 {8} 69. Qf7+ {30} Kxc3 {9} 70. Qxb7 {4} Kd2 {6} 71.
d7 {2} Kc2 {4} 72. Qc6+ {9} Kd2 {6} 73. d8=Q+ {5} Ke2 {8} 74. Qd4 {6} Kf1 {12}
75. Qf3+ {Mepholos resigns (Lag: Av=0.44s, max=1.7s) 6} 1-0

[Event "CSS Freestyle 8th"]
[Site "playchess.com"]
[Date "2008.04.13"]
[Round "8"]
[White "Phepi"]
[Black "Odirovski"]
[Result "1/2-1/2"]
[WhiteElo "2422"]
[BlackElo "2375"]
[PlyCount "77"]
[EventDate "2008.04.11"]

1. e4 {6} c5 {29} 2. Nf3 {2} d6 {3} 3. d4 {7} cxd4 {3} 4. Nxd4 {2} Nf6 {2} 5.
Nc3 {8} a6 {2} 6. Be3 {42} e5 {3} 7. Nb3 {21} Be6 {4} 8. f3 {72} Be7 {13} 9.
Qd2 {25} O-O {42} 10. O-O-O {24} Nbd7 {3} 11. g4 {24} b5 {3} 12. g5 {87} b4 {4}
13. gxf6 {73} bxc3 {25} 14. Qxc3 {82} Nxf6 {7} 15. Na5 {59} Qd7 {85} 16. Nc6 {
74} Rac8 {310} 17. Nxe7+ {60} Qxe7 {3} 18. Qa5 {91} Rc6 {4} 19. Rg1 {42} Rfc8 {
58} 20. Kb1 {82} d5 {494} 21. b3 {48} d4 {311} 22. Bc1 {31} Qc7 {1602} 23. Qxc7
{137} R8xc7 {0} 24. Bd3 {62} Nd7 {163} 25. Bh6 {13} g6 {6} 26. f4 {58} f6 {26}
27. h4 {19} Bf7 {19} 28. h5 {366} Rb7 {363} 29. fxe5 {118} fxe5 {5} 30. hxg6 {
30} hxg6 {62} 31. Rg3 {68} a5 {21} 32. Bg5 {24} a4 {36} 33. Rh3 {. 500} axb3 {9
} 34. axb3 {18} Rc3 {27} 35. Rdh1 {211} Bxb3 {20} 36. Kc1 {10} Bc4 {16} 37.
Rh8+ {205} Kf7 {3} 38. R1h7+ {35} Ke6 {6} 39. Rg8 {
Phepi offers a draw (Lag: Av=0.40s, max=1.1s) 34} 1/2-1/2

[Event "CSS Freestyle 8th"]
[Site "playchess.com"]
[Date "2008.04.13"]
[Round "8"]
[White "Talok"]
[Black "Ultima"]
[Result "1/2-1/2"]
[WhiteElo "2453"]
[BlackElo "2588"]
[PlyCount "75"]
[EventDate "2008.04.11"]

1. e4 {69} c5 {66} 2. Nf3 {33} d6 {10} 3. d4 {34} cxd4 {0} 4. Nxd4 {8} Nf6 {76}
5. Nc3 {74} a6 {5} 6. Be3 {52} e6 {201} 7. f3 {289} b5 {58} 8. Qd2 {8} Nbd7 {4}
9. g4 {124} b4 {28} 10. Na4 {374} h6 {12} 11. O-O-O {28} Ne5 {6} 12. Qxb4 {33}
Bd7 {5} 13. Bf4 {25} g5 {7} 14. Bd2 {11} Be7 {2} 15. h4 {683} Rb8 {21} 16. Qa3
{27} gxh4 {32} 17. Bb4 {54} Qc7 {7} 18. Bxa6 {54} O-O {48} 19. Rxh4 {47} Bxa4 {
6} 20. Qxa4 {88} Nxe4 {1657} 21. Rh5 {25} Bg5+ {10} 22. Rxg5+ {39} Nxg5 {9} 23.
Qa3 {70} Rxb4 {105} 24. Qxb4 {12} Rb8 {1} 25. Qa4 {76} d5 {207} 26. Be2 {65}
Nc4 {16} 27. Bxc4 {191} Qf4+ {293} 28. Rd2 {128} dxc4 {Ultima offre la patta 9}
29. Qa5 {214} Re8 {39} 30. Qc3 {217} e5 {20} 31. Ne2 {12} Qxf3 {6} 32. Qxf3 {11
} Nxf3 {0} 33. Rd6 {10} Nh2 {14} 34. Rxh6 {12} Nxg4 {4} 35. Rc6 {17} Rd8 {16}
36. a4 {36} f5 {66} 37. Nc3 {41} Kf8 {46} 38. a5 {
Talok bietet Remis (Lag: Av=0.29s, max=1.6s) 59} 1/2-1/2

[Event "CSS Freestyle 8th"]
[Site "playchess.com"]
[Date "2008.04.13"]
[Round "8"]
[White "Jcook140"]
[Black "Dom_"]
[Result "1/2-1/2"]
[WhiteElo "2411"]
[BlackElo "2444"]
[PlyCount "89"]
[EventDate "2008.04.11"]

1. d4 {57} Nf6 {51} 2. c4 {38} e6 {119} 3. Nf3 {36} b6 {83} 4. Nc3 {265} Bb7 {
186} 5. a3 {17} Bd6 {126} 6. e3 {398} c5 {64} 7. Bd3 {220} Nc6 {258} 8. O-O {37
} Qb8 {152} 9. h3 {332} O-O {48} 10. Re1 {98} Rc8 {228} 11. Rb1 {295} h6 {89}
12. b3 {159} a6 {96} 13. Bb2 {290} Qc7 {243} 14. Ne4 {20} Nxe4 {37} 15. Bxe4 {
19} Re8 {241} 16. Bc2 {173} cxd4 {338} 17. Qd3 {177} g6 {13} 18. exd4 {60} Bf4
{83} 19. Nh4 {220} d5 {60} 20. g3 {143} Bg5 {109} 21. cxd5 {178} exd5 {22} 22.
Rxe8+ {475} Rxe8 {9} 23. Nxg6 {9} fxg6 {' 464} 24. h4 {5} Bd8 {34} 25. Qxg6+ {
Dom_ reconnected. 7} Kf8 {9} 26. Bc1 {21} Re1+ {26} 27. Kg2 {5} Rxc1 {12} 28.
Rxc1 {22} Nxd4 {104} 29. Qxh6+ {14} Qg7 {16} 30. Qd6+ {38} Qe7 {13} 31. Qf4+ {
31} Qf6 {5} 32. Qxf6+ {47} Bxf6 {5} 33. f4 {19} a5 {83} 34. Bg6 {80} Bc6 {75}
35. b4 {22} axb4 {19} 36. axb4 {13} Be7 {6} 37. b5 {15} Bxb5 {60} 38. Rc8+ {6}
Kg7 {7} 39. Rc7 {17} Kf6 {24} 40. h5 {5} Be2 {64} 41. Rb7 {4} Bg4 {92} 42.
Rxb6+ {5} Ne6 {65} 43. Bd3 {9} Bf8 {14} 44. Ra6 {12} Kf7 {37} 45. Bg6+ {
Jcook140 offers a draw (Lag: Av=3.68s, max=18.5s) 12} 1/2-1/2

[Event "CSS Freestyle 8th"]
[Site "playchess.com"]
[Date "2008.04.13"]
[Round "8"]
[White "Abeljusto"]
[Black "Paganel01"]
[Result "1/2-1/2"]
[WhiteElo "2434"]
[BlackElo "2440"]
[PlyCount "145"]
[EventDate "2008.04.11"]

1. c4 {11} b6 {15} 2. d4 {169} Nf6 {10} 3. Nf3 {44} e6 {8} 4. a3 {82} Bb7 {8}
5. Nc3 {21} Ne4 {7} 6. Nxe4 {41} Bxe4 {7} 7. Bf4 {72} Bd6 {120} 8. Bxd6 {135}
cxd6 {12} 9. e3 {70} Nc6 {113} 10. Nd2 {252} Bg6 {119} 11. h4 {26} h6 {137} 12.
h5 {7} Bh7 {28} 13. Qg4 {181} O-O {105} 14. Qg3 {91} Qe7 {173} 15. Be2 {8} f5 {
375} 16. Bd3 {28} e5 {141} 17. d5 {96} e4 {22} 18. Be2 {25} Ne5 {113} 19. Qf4 {
44} Rac8 {233} 20. a4 {128} Qf6 {370} 21. O-O {326} Nd3 {65} 22. Bxd3 {13} Qxb2
{146} 23. Rfd1 {6} exd3 {9} 24. a5 {32} Rf6 {99} 25. Rab1 {77} Qc3 {75} 26.
axb6 {56} axb6 {20} 27. Rxb6 {5} Re8 {48} 28. Rb3 {169} Qc2 {67} 29. Rbb1 {7}
Re4 {24} 30. Qh2 {158} Re8 {66} 31. g3 {201} Kf7 {79} 32. Rbc1 {249} Qa2 {47}
33. Qh3 {330} Qb2 {8} 34. Qh1 {92} Kf8 {83} 35. Rb1 {47} Qc2 {50} 36. Qh4 {40}
Qc3 {135} 37. Rbc1 {15} Qe5 {55} 38. Nf3 {76} Qe4 {15} 39. Qf4 {41} Bg8 {37}
40. Nd2 {56} Qe5 {18} 41. Nf1 {60} Bf7 {33} 42. Rxd3 {8} Qb2 {59} 43. Rdc3 {28}
Bxh5 {68} 44. Qd4 {7} Ra8 {23} 45. Qd2 {32} Qxd2 {34} 46. Nxd2 {7} Ra4 {65} 47.
Nb3 {23} g5 {34} 48. Kg2 {29} Bg6 {35} 49. f4 {22} Ke7 {52} 50. Nd4 {21} Rf8 {
19} 51. Kf2 {38} Ra2+ {39} 52. R3c2 {13} Rfa8 {7} 53. Rxa2 {19} Rxa2+ {6} 54.
Rc2 {4} Ra1 {29} 55. Ke2 {58} Rg1 {45} 56. Kf3 {7} Rh1 {10} 57. Ra2 {26} Rc1 {
21} 58. Rh2 {61} g4+ {20} 59. Ke2 {11} h5 {8} 60. Kd3 {15} Rg1 {11} 61. Ne2 {9}
Rd1+ {15} 62. Kc2 {11} Ra1 {15} 63. Nc1 {14} Kf6 {32} 64. Rh1 {22} Ra4 {29} 65.
Kc3 {15} Ra1 {13} 66. Kb2 {42} Ra8 {16} 67. Kc2 {27} Ra4 {
Paganel01 offers a draw 14} 68. Kc3 {13} Ra1 {10} 69. Kd4 {19} Bf7 {15} 70. Re1
{32} Bg6 {26} 71. Rh1 {20} Bf7 {7} 72. Re1 {16} Bg6 {7} 73. Rh1 {
(Lag: Av=0.60s, max=1.6s) 5} 1/2-1/2

[Event "CSS Freestyle 8th"]
[Site "playchess.com"]
[Date "2008.04.13"]
[Round "8"]
[White "Ozymandias"]
[Black "Lombard1"]
[Result "1/2-1/2"]
[WhiteElo "2364"]
[BlackElo "2456"]
[PlyCount "125"]
[EventDate "2008.04.11"]

1. d4 {1} Nf6 {58} 2. c4 {5} e6 {9} 3. Nf3 {19} b6 {60} 4. g3 {21} Ba6 {63} 5.
b3 {31} Bb4+ {11} 6. Bd2 {23} Be7 {69} 7. Bg2 {69} c6 {14} 8. Bc3 {34} d5 {13}
9. Nbd2 {42} Nbd7 {43} 10. O-O {12} O-O {35} 11. Re1 {4} Qc7 {178} 12. e4 {55}
dxe4 {140} 13. Nxe4 {1} Bb7 {3} 14. Qe2 {984} Rad8 {158} 15. Ned2 {341} Rfe8 {
23} 16. Rad1 {165} c5 {27} 17. dxc5 {2} Nxc5 {13} 18. Ne5 {66} Nfd7 {322} 19.
Nxd7 {265} Rxd7 {7} 20. Be5 {202} Qc8 {14} 21. Bxb7 {2} Qxb7 {50} 22. Nf3 {20}
Red8 {18} 23. Rxd7 {45} Qxd7 {183} 24. Bd4 {33} Nb7 {256} 25. Kg2 {122} Bb4 {
210} 26. Qe5 {63} Bf8 {2} 27. h4 {102} h6 {141} 28. Re2 {55} Nc5 {85} 29. Bxc5
{225} Bxc5 {6} 30. Rd2 {2} Qe7 {168} 31. Rxd8+ {2} Qxd8 {3} 32. Qe4 {1} a5 {50}
33. Ne5 {182} g5 {239} 34. Qg4 {190} Kg7 {546} 35. hxg5 {7} hxg5 {5} 36. Qh5 {
26} Qf6 {17} 37. f4 {77} gxf4 {98} 38. Qg4+ {3} Kh6 {35} 39. gxf4 {3} Bd4 {13}
40. Qh3+ {57} Kg7 {7} 41. Qg3+ {21} Kh8 {25} 42. Nc6 {27} Ba1 {59} 43. Qg5 {69}
Qxg5+ {68} 44. fxg5 {4} Bc3 {43} 45. Kf3 {27} Kg7 {23} 46. Kf4 {40} Bb4 {284}
47. Ne5 {220} Bd6 {12} 48. Ke4 {1} Bc7 {80} 49. Kd4 {27} f6 {43} 50. gxf6+ {61}
Kxf6 {5} 51. Nc6 {2} Kf5 {19} 52. Ne7+ {56} Kf4 {19} 53. c5 {24} Be5+ {79} 54.
Kc4 {1} bxc5 {17} 55. Ng6+ {104} Ke4 {9} 56. Nxe5 {2} Kxe5 {3} 57. Kxc5 {0} Kf4
{25} 58. a3 {4} e5 {5} 59. b4 {6} axb4 {24} 60. axb4 {9} e4 {9} 61. b5 {7} e3 {
1} 62. b6 {8} e2 {2} 63. b7 {Lombard1 bietet Remis (Lag: Av=0.42s, max=1.5s) 6}
1/2-1/2

[Event "CSS Freestyle 8th"]
[Site "playchess.com"]
[Date "2008.04.13"]
[Round "8"]
[White "Gatewaymike"]
[Black "Olivier EVAN"]
[Result "1/2-1/2"]
[WhiteElo "2368"]
[BlackElo "2381"]
[PlyCount "133"]
[EventDate "2008.04.11"]

1. d4 {8} d5 {7} 2. c4 {7} e6 {101} 3. Nc3 {9} Nf6 {75} 4. cxd5 {46} exd5 {73}
5. Bg5 {5} Be7 {100} 6. e3 {9} O-O {137} 7. Bd3 {29} h6 {148} 8. Bh4 {26} c5 {
259} 9. dxc5 {99} Nbd7 {8} 10. Nge2 {126} Nxc5 {11} 11. Bc2 {44} Be6 {156} 12.
O-O {12} Rc8 {4} 13. Qd4 {187} Qd7 {155} 14. Rfd1 {488} Rfd8 {7} 15. f3 {164}
b5 {22} 16. a3 {71} Nb7 {207} 17. Qd3 {156} g6 {4} 18. Nd4 {43} Nd6 {6} 19.
Rab1 {107} Nf5 {60} 20. Bf2 {26} a6 {53} 21. Bb3 {434} Nxd4 {61} 22. Qxd4 {11}
Kg7 {144} 23. Ne2 {16} Bc5 {269} 24. Qd2 {4} Bd6 {2} 25. Bg3 {244} Bxg3 {222}
26. hxg3 {3} Qc7 {2} 27. Qd4 {167} Qc5 {6} 28. g4 {25} Rc7 {9} 29. Qxc5 {448}
Rxc5 {25} 30. Rd4 {4} Re8 {36} 31. Rbd1 {40} Re7 {7} 32. Nc3 {103} Rd7 {692}
33. Ba2 {83} a5 {58} 34. Kf2 {61} Ra7 {16} 35. Nxd5 {249} Rc2+ {42} 36. R1d2 {7
} Rxd2+ {2} 37. Rxd2 {7} Rd7 {10} 38. e4 {17} Bxg4 {6} 39. Ke3 {55} Be6 {26}
40. Kd4 {8} Rd8 {121} 41. Kc5 {72} Rb8 {25} 42. Nxf6 {286} Kxf6 {45} 43. b4 {16
} axb4 {15} 44. axb4 {9} g5 {19} 45. g4 {53} Ke5 {4} 46. Bd5 {29} Kf4 {5} 47.
Rd3 {27} Ke5 {5} 48. Kc6 {18} Kf4 {79} 49. Ra3 {7} Ke5 {55} 50. Bxe6 {38} fxe6
{16} 51. Ra5 {7} Kf4 {9} 52. Rxb5 {4} Rc8+ {20} 53. Kd7 {5} Rc4 {5} 54. Kxe6 {
17} Kxf3 {18} 55. e5 {7} Kxg4 {7} 56. Ke7 {98} Kh4 {7} 57. e6 {16} g4 {3} 58.
Kf6 {47} g3 {4} 59. e7 {16} Rf4+ {3} 60. Rf5 {32} Rxf5+ {35} 61. Kxf5 {5} g2 {0
} 62. e8=Q {Gatewaymike offers a draw 4} g1=Q {13} 63. Qe4+ {5} Kh5 {16} 64.
Qe2+ {8} Kh4 {11} 65. Qe4+ {11} Kh5 {' 130} 66. Qe2+ {5} Kh4 {73} 67. Qe4+ {
(Lag: Av=1.63s, max=3.6s) 42} 1/2-1/2

[Event "CSS Freestyle 8th"]
[Site "playchess.com"]
[Date "2008.04.13"]
[Round "8"]
[White "Sciolto"]
[Black "Chopy"]
[Result "1/2-1/2"]
[WhiteElo "2514"]
[BlackElo "2491"]
[PlyCount "189"]
[EventDate "2008.04.11"]

1. d4 {6} Nf6 {41} 2. Bg5 {6} Ne4 {43} 3. Bf4 {8} c5 {10} 4. f3 {11} Qa5+ {8}
5. c3 {11} Nf6 {4} 6. Nd2 {40} cxd4 {12} 7. Nb3 {4} Qb6 {40} 8. Qxd4 {18} Nc6 {
24} 9. Qxb6 {9} axb6 {Chopy ofrece tablas 9} 10. Nd4 {6} e5 {149} 11. Nxc6 {4}
exf4 {5} 12. Nd4 {10} Bd6 {930} 13. Nf5 {473} Bc5 {31} 14. Nxg7+ {79} Kf8 {6}
15. Nf5 {5} d6 {14} 16. Nd4 {828} Nd5 {18} 17. a3 {137} Ne3 {13} 18. Rc1 {96}
Kg7 {634} 19. g3 {7} Ra4 {21} 20. Bh3 {90} Bxd4 {101} 21. cxd4 {5} Rxd4 {3} 22.
gxf4 {14} f5 {118} 23. Rc3 {8} Re8 {306} 24. Rd3 {18} Rxd3 {6} 25. exd3 {11}
Ng2+ {6} 26. Kd2 {17} Nh4 {57} 27. Bf1 {70} Bd7 {122} 28. d4 {14} Kf6 {359} 29.
Bc4 {22} Bc6 {170} 30. d5 {4} Ba4 {3} 31. Ne2 {8} Nxf3+ {42} 32. Kc3 {3} Re4 {
92} 33. h4 {17} Be8 {89} 34. Bd3 {65} Re3 {17} 35. Kc4 {230} h5 {15} 36. Kc3 {
73} Bb5 {108} 37. Nc1 {21} Ba6 {7} 38. b3 {13} Ne1 {49} 39. Kd2 {4} Ng2 {12}
40. Rg1 {41} Rg3 {6} 41. Be2 {35} Bxe2 {7} 42. Nxe2 {9} Rg4 {9} 43. a4 {67}
Nxh4 {6} 44. Ke3 {12} Ng6 {13} 45. Rh1 {11} h4 {15} 46. Kf3 {19} Ne7 {21} 47.
Rd1 {39} Kg6 {36} 48. Rd3 {76} h3 {63} 49. Kf2 {5} h2 {56} 50. Rh3 {4} Nxd5 {5}
51. Kf3 {5} Rg1 {45} 52. Rxh2 {6} Rb1 {4} 53. Rh8 {3} Rxb3+ {40} 54. Kg2 {4}
Ne3+ {46} 55. Kf2 {18} Ng4+ {9} 56. Kg2 {16} Rb4 {62} 57. Rd8 {2} d5 {6} 58.
Kf3 {16} Rb3+ {20} 59. Kg2 {13} Nf6 {11} 60. Rd6 {16} b5 {52} 61. a5 {7} Ra3 {3
} 62. Rb6 {3} Rxa5 {8} 63. Nd4 {29} Ra6 {56} 64. Rxb5 {7} Ra4 {32} 65. Ne2 {51}
d4 {25} 66. Rb3 {9} b5 {77} 67. Rd3 {13} b4 {23} 68. Nxd4 {3} Ra3 {72} 69. Rg3+
{8} Ng4 {5} 70. Nb3 {17} Ra2+ {8} 71. Kg1 {11} Rc2 {3} 72. Rd3 {19} Rb2 {21}
73. Nd2 {68} Nf6 {55} 74. Nc4 {23} Rb1+ {8} 75. Kf2 {7} Ne4+ {10} 76. Ke2 {9}
b3 {38} 77. Na3 {14} Rb2+ {6} 78. Ke3 {10} Kh5 {12} 79. Kd4 {. 136} Kg4 {2} 80.
Nc4 {3} Rb1 {4} 81. Na3 {3} Rc1 {19} 82. Rxb3 {2} Kxf4 {2} 83. Rh3 {4} Ng5 {22}
84. Rb3 {17} Rd1+ {20} 85. Kc4 {87} Rd8 {16} 86. Rb4 {11} Kg3 {18} 87. Rb3+ {19
} Nf3 {39} 88. Rd3 {5} Rc8+ {4} 89. Kd5 {21} Kg4 {9} 90. Nb5 {8} f4 {11} 91.
Rd1 {8} Re8 {46} 92. Nc3 {14} Rd8+ {9} 93. Ke6 {10} Ng5+ {7} 94. Ke7 {8} Ra8 {
34} 95. Rg1+ {Chopy ofrece tablas (Lag: Av=0.54s, max=5.5s) 4} 1/2-1/2

[Event "CSS Freestyle 8th"]
[Site "playchess.com"]
[Date "2008.04.13"]
[Round "8"]
[White "Revelator"]
[Black "Murx"]
[Result "1/2-1/2"]
[WhiteElo "2522"]
[BlackElo "2538"]
[PlyCount "87"]
[EventDate "2008.04.11"]

1. b3 {16} e5 {15} 2. Bb2 {5} Nc6 {4} 3. e3 {5} d5 {15} 4. Bb5 {21} Bd6 {4} 5.
f4 {4} Qh4+ {227} 6. g3 {256} Qe7 {10} 7. Nf3 {143} f6 {43} 8. Nc3 {409} Be6 {
54} 9. fxe5 {103} fxe5 {13} 10. d4 {93} e4 {59} 11. Ne5 {4} Bxe5 {139} 12. Qh5+
{15} Kd7 {327} 13. Qxe5 {65} Nf6 {75} 14. O-O {434} Rae8 {21} 15. Bxc6+ {480}
Kxc6 {300} 16. Nxd5 {417} Bxd5 {14} 17. c4 {28} Kd7 {8} 18. Qxe7+ {186} Rxe7 {
272} 19. cxd5 {25} Nxd5 {29} 20. Ba3 {53} Re6 {145} 21. Rf7+ {69} Kc8 {20} 22.
Bf8 {150} Rf6 {405} 23. Rf1 {4} Nxe3 {79} 24. R1xf6 {16} gxf6 {19} 25. Bg7 {41}
Re8 {19} 26. Bxf6 {141} Nd5 {34} 27. Bg5 {32} e3 {30} 28. Kf1 {58} e2+ {16} 29.
Ke1 {26} Nb4 {24} 30. Re7 {235} Rxe7 {272} 31. Bxe7 {15} Nxa2 {7} 32. Ba3 {5}
Nc3 {7} 33. Bb2 {14} Nd5 {5} 34. Kxe2 {28} Kd7 {10} 35. Kf3 {112} Ke6 {99} 36.
g4 {47} b5 {39} 37. Ke4 {118} Nf6+ {14} 38. Kf4 {7} Nd5+ {79} 39. Ke4 {56} Nf6+
{8} 40. Kf4 {Murx bietet Remis 14} Nd5+ {13} 41. Kg5 {51} a5 {226} 42. Kh6 {23}
Kf7 {56} 43. g5 {4} Kg8 {Revelator offers a draw 217} 44. g6 {
(Lag: Av=1.37s, max=16.6s) 25} 1/2-1/2

[Event "CSS Freestyle 8th"]
[Site "playchess.com"]
[Date "2008.04.13"]
[Round "8"]
[White "Averell"]
[Black "HydraAssasin"]
[Result "1-0"]
[WhiteElo "2480"]
[BlackElo "2420"]
[PlyCount "177"]
[EventDate "2008.04.11"]

1. e4 {4} c5 {43} 2. c3 {40} Nf6 {14} 3. e5 {9} Nd5 {7} 4. d4 {2} cxd4 {7} 5.
Nf3 {6} Nc6 {6} 6. cxd4 {79} d6 {8} 7. Bc4 {14} Nb6 {8} 8. Bb5 {10} dxe5 {6} 9.
Nxe5 {15} Bd7 {7} 10. Nxd7 {43} Qxd7 {7} 11. Nc3 {17} e6 {10} 12. O-O {24} Be7
{8} 13. Qg4 {12} O-O {7} 14. Bxc6 {18} bxc6 {7} 15. Bh6 {16} Bf6 {8} 16. Rfd1 {
12} Rfd8 {9} 17. Ne4 {29} Qe7 {7} 18. Rac1 {519} Rac8 {42} 19. h4 {107} Rd5 {18
} 20. Rc3 {61} Nd7 {61} 21. Rd2 {431} a5 {384} 22. b3 {253} Kh8 {486} 23. Nxf6
{270} Qxf6 {200} 24. Be3 {9} h5 {572} 25. Qe4 {13} Qe7 {455} 26. Bg5 {94} Qb4 {
247} 27. Rc4 {19} Qb7 {102} 28. Rdc2 {280} Kg8 {39} 29. Rc1 {59} Nb6 {143} 30.
R4c3 {44} Nd7 {221} 31. Be3 {392} Nf8 {40} 32. Rc5 {151} Nd7 {66} 33. R5c4 {7}
Nf8 {29} 34. R1c3 {373} Ng6 {29} 35. Ra4 {54} Qb5 {40} 36. Bg5 {31} e5 {96} 37.
g3 {90} Ra8 {79} 38. Kg2 {39} Re8 {15} 39. Rc5 {38} Rxc5 {55} 40. dxc5 {2} Qxc5
{28} 41. Bd2 {5} f5 {144} 42. Qc4+ {25} Qxc4 {23} 43. Rxc4 {2} Rc8 {15} 44.
Bxa5 {63} Ne7 {70} 45. Bc3 {3} e4 {32} 46. a4 {2} Kf7 {32} 47. b4 {128} g6 {15}
48. a5 {65} Ke6 {26} 49. f3 {15} exf3+ {56} 50. Kxf3 {10} Rd8 {69} 51. Bd4 {15}
Ra8 {48} 52. Bb6 {13} Ke5 {5} 53. Rc1 {12} Ke6 {Averell reconnected. 8} 54. Kf4
{54} Nd5+ {4} 55. Kg5 {6} Kd7 {53} 56. Rc4 {32} Rb8 {17} 57. Bc5 {35} Ra8 {9}
58. Kxg6 {31} Ke6 {8} 59. Kg7 {13} Nf6 {16} 60. Bf8 {11} Ra6 {20} 61. Kh6 {21}
Ne4 {16} 62. Kxh5 {10} Kf7 {7} 63. Bc5 {11} Ra8 {9} 64. Rxe4 {18} fxe4 {16} 65.
Kg5 {5} Ke6 {11} 66. Kf4 {6} e3 {11} 67. Kxe3 {11} Ke5 {6} 68. h5 {13} Rg8 {6}
69. Kf3 {8} Ra8 {37} 70. g4 {7} Ra6 {34} 71. Ke3 {7} Kf6 {9} 72. Kf4 {22} Kg7 {
4} 73. g5 {12} Ra8 {8} 74. Kf5 {5} Rd8 {25} 75. a6 {7} Kh8 {6} 76. Kg6 {24}
Rg8+ {16} 77. Kh6 {12} Re8 {44} 78. a7 {18} Kg8 {32} 79. g6 {13} Rd8 {30} 80.
Kg5 {10} Kh8 {12} 81. h6 {12} Kg8 {14} 82. a8=Q {42} Rxa8 {8} 83. h7+ {1} Kg7 {
6} 84. Bd4+ {2} Kf8 {6} 85. h8=Q+ {2} Ke7 {7} 86. Qg7+ {3} Kd6 {8} 87. Bc5+ {2}
Ke6 {6} 88. Qf7+ {2} Ke5 {7} 89. Qf5# {(Lag: Av=1.14s, max=7.2s) 3} 1-0

[Event "CSS Freestyle 8th"]
[Site "playchess.com"]
[Date "2008.04.13"]
[Round "8"]
[White "Pandini"]
[Black "Croberson"]
[Result "1/2-1/2"]
[WhiteElo "2353"]
[BlackElo "2428"]
[PlyCount "177"]
[EventDate "2008.04.11"]

1. e4 {2} e6 {134} 2. d4 {9} d5 {37} 3. Nc3 {38} Nc6 {102} 4. Nf3 {34} Nf6 {16}
5. e5 {28} Ne4 {25} 6. Bd3 {35} Bb4 {90} 7. Bd2 {20} Nxc3 {122} 8. bxc3 {45}
Be7 {78} 9. h4 {44} h6 {159} 10. Rh3 {204} Na5 {303} 11. Rg3 {8} Bf8 {405} 12.
Kf1 {155} Bd7 {114} 13. Kg1 {244} Qe7 {103} 14. Bc1 {36} O-O-O {196} 15. h5 {9}
Be8 {114} 16. Qe2 {112} Qd7 {130} 17. Nd2 {4} f5 {153} 18. exf6 {58} gxf6 {13}
19. Nb3 {186} Nc4 {15} 20. Qf3 {452} f5 {191} 21. a4 {28} Qc6 {128} 22. Bf4 {86
} Rh7 {101} 23. Qe2 {150} Bf7 {29} 24. a5 {78} Rg7 {229} 25. Rxg7 {22} Bxg7 {10
} 26. Qf3 {258} Bf8 {11} 27. a6 {170} b6 {14} 28. Nd2 {27} Nd6 {39} 29. Be2 {
130} Nb5 {12} 30. Bxb5 {156} Qxb5 {23} 31. c4 {26} Qc6 {322} 32. Re1 {21} Bg7 {
59} 33. Be5 {140} Bf8 {92} 34. Bf6 {36} Re8 {83} 35. c3 {51} Kb8 {204} 36. g3 {
89} Rc8 {10} 37. Kg2 {61} Bd6 {10} 38. Bg7 {32} Rg8 {70} 39. Be5 {4} Bf8 {63}
40. Bf4 {83} Bd6 {12} 41. Kg1 {30} Bxf4 {59} 42. Qxf4 {27} Qd6 {16} 43. Re5 {43
} Bxh5 {27} 44. Qxh6 {13} Bg6 {21} 45. cxd5 {46} exd5 {6} 46. Nf3 {12} f4 {20}
47. Rg5 {40} fxg3 {7} 48. Ne5 {5} gxf2+ {24} 49. Kf1 {6} Qa3 {18} 50. Rxg6 {36}
Qxa6+ {17} 51. Kxf2 {26} Rxg6 {10} 52. Qxg6 {23} Qb5 {22} 53. Ke3 {93} a5 {30}
54. Qc2 {29} Kb7 {17} 55. Qa2 {103} Ka6 {5} 56. Qa1 {52} Qb3 {12} 57. Nd3 {30}
Qc4 {28} 58. Kd2 {25} Qb3 {24} 59. Nb4+ {26} Kb7 {6} 60. Nc2 {24} Ka6 {21} 61.
Qf1+ {59} Kb7 {10} 62. Qd3 {27} Qb2 {16} 63. Qf5 {6} Qb3 {19} 64. Qd7 {54} Qc4
{15} 65. Qe7 {13} Qb3 {23} 66. Qe6 {49} Qa2 {18} 67. Qe8 {32} Qc4 {14} 68. Qd7
{26} Qb3 {23} 69. Qd8 {24} Qa2 {21} 70. Qf8 {34} Qb3 {15} 71. Qf5 {33} Qc4 {18}
72. Ne3 {32} Qa2+ {22} 73. Qc2 {2} Qxc2+ {17} 74. Kxc2 {27} Kc6 {7} 75. Nd1 {22
} Kb5 {15} 76. Ne3 {24} Kc6 {15} 77. Ng4 {37} Kd6 {14} 78. Ne5 {5} c5 {15} 79.
Nd3 {34} cxd4 {27} 80. cxd4 {8} Kc7 {16} 81. Kb3 {16} b5 {19} 82. Nc5 {30} Kb6
{11} 83. Ne6 {26} Kc6 {9} 84. Nf4 {19} Kd6 {11} 85. Kb2 {. 78} Kc6 {19} 86. Nd3
{1} Kd6 {13} 87. Nc5 {12} Kc6 {11} 88. Nd3 {17} Kd6 {12} 89. Ne5 {
Pandini bietet Remis (Lag: Av=0.69s, max=2.4s) 28} 1/2-1/2

[Event "CSS Freestyle 8th"]
[Site "playchess.com"]
[Date "2008.04.13"]
[Round "9"]
[White "Snuggles"]
[Black "Flyingfatman"]
[Result "1/2-1/2"]
[WhiteElo "2538"]
[BlackElo "2570"]
[PlyCount "25"]
[EventDate "2008.04.11"]

1. e4 {146} c6 {59} 2. d4 {9} d5 {9} 3. Nc3 {103} dxe4 {43} 4. Nxe4 {4} Nd7 {8}
5. Ng5 {82} h6 {15} 6. Ne6 {95} Qb6 {39} 7. Nxf8 {27} Nxf8 {22} 8. Nf3 {92} Bf5
{56} 9. c3 {49} Nf6 {13} 10. Bc4 {12} Ng6 {29} 11. O-O {23} O-O {56} 12. Re1 {7
} e6 {341} 13. Ne5 {Snuggles bietet Remis (Lag: Av=0.54s, max=1.2s) 160}
1/2-1/2

[Event "CSS Freestyle 8th"]
[Site "playchess.com"]
[Date "2008.04.13"]
[Round "9"]
[White "Rybusia"]
[Black "Etaoin Shrdlu"]
[Result "1/2-1/2"]
[WhiteElo "1774"]
[BlackElo "1758"]
[PlyCount "24"]
[EventDate "2008.04.11"]

1. d4 {16} d5 {8} 2. c4 {6} c6 {12} 3. Nc3 {7} Nf6 {14} 4. e3 {9} e6 {8} 5. Nf3
{5} Nbd7 {17} 6. Qc2 {11} Bd6 {13} 7. g4 {7} dxc4 {46} 8. Bxc4 {10} e5 {9} 9.
g5 {35} Nd5 {14} 10. Bd2 {15} O-O {146} 11. Bd3 {15} Kh8 {1490} 12. Bxh7 {27}
g6 {Rybusia offers a draw (Lag: Av=0.62s, max=1.6s) 251} 1/2-1/2